| 000 | 00708nam a2200253Ia 4500 | ||
|---|---|---|---|
| 003 | OSt | ||
| 005 | 20220924114743.0 | ||
| 006 | a|||||r|||| 00| 0 | ||
| 007 | ta | ||
| 008 | 220923b |||||||| |||| 00| 0 ara d | ||
| 024 | _a345574 | ||
| 037 | _cTextual | ||
| 040 |
_aARTS _cARTS _bara |
||
| 041 |
_2ara _aara |
||
| 082 | _aZ(Q72),91, 28K3 | ||
| 100 |
_aMohammad Hanifa Noman Au. _9175181 |
||
| 245 | 0 | _aDa'a'imu'l islam of Qadi Nu'man | |
| 260 |
_aCairo _bDar-al-maaref Egypt _c1963 |
||
| 300 |
_a454p. _ccm. |
||
| 650 |
_a LAW _97240 |
||
| 650 |
_aARABIC LANGUAGE _931794 |
||
| 942 |
_hZ(Q72),91, 28K3 _cTEXL _2CC |
||
| 999 |
_c395117 _d395117 |
||